000 00602nam a22002057a 4500
999 _c4622
_d4622
003 AR-CdUCM
008 190311b ||||| |||| 00| 0 spa d
040 _aMUNICIPALIDAD PROVINCIAL DEL CUSCO
_cBIBLIOTECA MUNICIPAL DEL CUSCO
082 _a869.56 /
_bV29
100 _aCarnero Checa, Luis
_910475
245 _aLa ciudad profunda :
_bpoemas /
260 _aLima :
_bPenta Ultra,
_c1958.
300 _a47 páginas ;
_c22 cm.
500 _aDonación de la familia Nieto
650 _aPoesía
_9139
650 _aPoesía peruana
_9806
650 _aSiglo XX
_98
942 _2ddc
_cLIBROS
945 _araen